[Event "ARG-chT8 fin email"]
[Site "LADAC email"]
[Date "2006.01.07"]
[Round "?"]
[White "Glinz, Gustavo Adolfo"]
[Black "Robledo, Nestor Daniel"]
[Result "0-1"]
[WhiteElo "2377"]
[BlackElo "2265"]
[PlyCount "52"]
[EventDate "2006.01.01"]
[EventType "tourn (corr)"]
[EventRounds "11"]
[EventCountry "ARG"]
[SourceTitle "Corr 2011"]
[Source "ChessBase"]
[SourceDate "2010.08.31"]
[SourceVersion "1"]
[SourceVersionDate "2010.08.31"]
[SourceQuality "1"]

1. d4 Nf6 2. c4 e6 3. Nc3 Bb4 4. e3 0-0 5. Bd3 d5 6. Nf3 b6 7. cxd5 exd5 8. 0-0 Bb7 9. Bd2 Bd6 10. Qc2 a6 11. Rfe1 Nbd7 12. e4 dxe4 13. Nxe4 Nxe4 14. Bxe4 Bxe4 15. Rxe4 Qf6 16. Rae1 Qg6 17. g4 h6 18. Nh4 Qh7 19. Nf5 h5 20. Bg5 hxg4 21. Rxg4 Qxh2+ 22. Kf1 Qh3+ 23. Rg2 Rfe8 24. Re3 Rxe3 25. Bxe3 Nf6 26. Nxg7 Kf8 0-1

[Event "ARG-chT8 fin email"]
[Site "LADAC email"]
[Date "2006.01.04"]
[Round "?"]
[White "Robledo, Nestor Daniel"]
[Black "Arias Duval, Gonzalo Carlos"]
[Result "1/2-1/2"]
[WhiteElo "2265"]
[BlackElo "2440"]
[PlyCount "67"]
[EventDate "2006.01.01"]
[EventType "tourn (corr)"]
[EventRounds "11"]
[EventCountry "ARG"]
[SourceTitle "Corr 2011"]
[Source "ChessBase"]
[SourceDate "2010.08.31"]
[SourceVersion "1"]
[SourceVersionDate "2010.08.31"]
[SourceQuality "1"]

1. d4 d5 2. c4 c6 3. Nf3 Nf6 4. Nc3 e6 5. Bg5 h6 6. Bh4 dxc4 7. e4 g5 8. Bg3 b5 9. Be2 Bb7 10. Ne5 Bg7 11. h4 Nbd7 12. Qc2 c5 13. hxg5 hxg5 14. Rxh8+ Bxh8 15. 0-0-0 cxd4 16. Nxb5 d3 17. Nd6+ Kf8 18. Rh1 dxc2 19. Rxh8+ Ng8 20. Nxb7 Qc8 21. Nd6 Qc7 22. Rh7 Nxe5 23. Bxe5 Rd8 24. Rxf7+ Qxf7 25. Nxf7 Kxf7 26. Bxc4 Ne7 27. Kxc2 Nc6 28. Bg3 Kf6 29. f3 Rc8 30. Kc3 Ne5 31. b3 Nxc4 32. bxc4 e5 33. Bf2 a6 34. Be3 1/2-1/2

[Event "ARG-chT8 fin email"]
[Site "LADAC email"]
[Date "2006.01.01"]
[Round "?"]
[White "Civitillo, Alfredo"]
[Black "Robledo, Nestor Daniel"]
[Result "0-1"]
[WhiteElo "2485"]
[BlackElo "2265"]
[PlyCount "86"]
[EventDate "2006.01.01"]
[EventType "tourn (corr)"]
[EventRounds "11"]
[EventCountry "ARG"]
[SourceTitle "Corr 2011"]
[Source "ChessBase"]
[SourceDate "2010.08.31"]
[SourceVersion "1"]
[SourceVersionDate "2010.08.31"]
[SourceQuality "1"]

1. Nf3 g6 2. d4 Nf6 3. c4 Bg7 4. Nc3 0-0 5. e4 d6 6. Be2 e5 7. 0-0 Nc6 8. d5 Ne7 9. Nd2 a5 10. a3 Bd7 11. Rb1 a4 12. b4 axb3 13. Rxb3 b6 14. a4 Ne8 15. Ra3 f5 16. f3 Nf6 17. Nb3 Nh5 18. Bg5 Nf4 19. Qd2 h6 20. Bxf4 exf4 21. Nb5 Be5 22. Bd3 fxe4 23. Bxe4 Nf5 24. Bxf5 Rxf5 25. a5 Bxb5 26. cxb5 Qe8 27. a6 Qxb5 28. a7 Bg7 29. Rd1 Re5 30. Qxf4 Rxd5 31. Re1 Qd3 32. Qc1 c5 33. Na1 Qd4+ 34. Kh1 b5 35. Ra2 b4 36. Ra4 Qd3 37. h3 b3 38. Nxb3 Qxb3 39. Ra3 Qb4 40. Ree3 c4 41. Re7 c3 42. Ra1 Qb2 43. Qg1 c2 0-1

[Event "Torre Blanca Copa de Campeones"]
[Site "Buenos Aires"]
[Date "2001.11.22"]
[Round "6"]
[White "Alvarez Castillo, Hector Adrian"]
[Black "Robledo, Nestor Daniel"]
[Result "1/2-1/2"]
[WhiteElo "2215"]
[BlackElo "2321"]
[PlyCount "56"]
[EventDate "2001.11.05"]
[EventType "swiss"]
[EventRounds "7"]
[EventCountry "ARG"]
[SourceTitle "EXT 2003"]
[Source "ChessBase"]
[SourceDate "2002.11.25"]
[SourceVersion "1"]
[SourceVersionDate "2002.11.25"]
[SourceQuality "1"]

1. e4 c5 2. Nc3 Nc6 3. g3 g6 4. Bg2 Bg7 5. d3 d6 6. Be3 Rb8 7. Qd2 b5 8. a3 Nd4 9. Nge2 e5 10. 0-0 Nf6 11. h3 Bxh3 12. f3 Qd7 13. g4 Bxg2 14. Kxg2 h5 15. g5 Ng8 16. Nd5 Ne7 17. Nf6+ Bxf6 18. gxf6 Ng8 19. Nxd4 cxd4 20. Bg5 Qe6 21. f4 Nxf6 22. fxe5 Ng4 23. exd6 Qxd6 24. Bf4 Ne5 25. Qb4 Qe6 26. Qxd4 f6 27. Bxe5 fxe5 28. Qxa7 Qg4+ 1/2-1/2

[Event "Torre Blanca Copa de Campeones"]
[Site "Buenos Aires"]
[Date "2001.11.08"]
[Round "2"]
[White "Vinardi, Ezequiel"]
[Black "Robledo, Nestor Daniel"]
[Result "0-1"]
[WhiteElo "2130"]
[BlackElo "2321"]
[PlyCount "40"]
[EventDate "2001.11.05"]
[EventType "swiss"]
[EventRounds "7"]
[EventCountry "ARG"]
[SourceTitle "EXT 2003"]
[Source "ChessBase"]
[SourceDate "2002.11.25"]
[SourceVersion "1"]
[SourceVersionDate "2002.11.25"]
[SourceQuality "1"]

1. e4 e6 2. d3 d5 3. Nd2 Nf6 4. Ngf3 Nc6 5. g3 dxe4 6. dxe4 Bc5 7. Bg2 e5 8. 0-0 0-0 9. Re1 Qe7 10. c3 a5 11. b3 Rd8 12. a3 b6 13. Qc2 Ng4 14. Rf1 Ba6 15. c4 Nd4 16. Nxd4 Bxd4 17. Bb2 Bxb2 18. Qxb2 Rd3 19. Rfd1 Rad8 20. Bf1 Qc5 0-1

[Event "Torre Blanca Copa de Campeones"]
[Site "Buenos Aires"]
[Date "2001.11.05"]
[Round "1"]
[White "Robledo, Nestor Daniel"]
[Black "Montero, Walter"]
[Result "1-0"]
[WhiteElo "2321"]
[BlackElo "2073"]
[PlyCount "111"]
[EventDate "2001.11.05"]
[EventType "swiss"]
[EventRounds "7"]
[EventCountry "ARG"]
[SourceTitle "EXT 2003"]
[Source "ChessBase"]
[SourceDate "2002.11.25"]
[SourceVersion "1"]
[SourceVersionDate "2002.11.25"]
[SourceQuality "1"]

1. Nf3 Nf6 2. c4 g6 3. d4 Bg7 4. g3 c5 5. Bg2 0-0 6. 0-0 cxd4 7. Nxd4 d6 8. Nc3 Nbd7 9. b3 a6 10. Bb2 Qc7 11. Rc1 Ne5 12. h3 Bd7 13. Nd5 Qd8 14. e3 Nc6 15. Nxc6 Bxc6 16. Nxf6+ Bxf6 17. Bxf6 exf6 18. Qd4 Qe7 19. Rfd1 Bxg2 20. Kxg2 Rfd8 21. Rd2 Rac8 22. Rcd1 Rc6 23. Qf4 Kg7 24. Rd5 f5 25. c5 Qe4+ 26. Qxe4 fxe4 27. g4 h6 28. Kg3 g5 29. cxd6 Kf6 30. R1d4 Rd7 31. Rf5+ Kg6 32. Rfd5 Kf6 33. h4 Kg6 34. a4 f6 35. h5+ Kf7 36. Rxe4 Rcxd6 37. Rxd6 Rxd6 38. Rb4 b6 39. Kf3 Ke6 40. Ke4 Kf7 41. Rd4 Re6+ 42. Kd5 b5 43. a5 Ke7 44. Re4 Rxe4 45. Kxe4 Ke6 46. f4 b4 47. fxg5 fxg5 48. Kd4 Kd6 49. e4 Ke6 50. e5 Ke7 51. Kd5 Kd7 52. e6+ Ke7 53. Ke5 Ke8 54. Kf6 Kf8 55. Kg6 Ke7 56. Kxh6 1-0

[Event "Raul Castelli Memorial"]
[Site "Buenos Aires"]
[Date "2001.10.17"]
[Round "8"]
[White "Michel Yunis, Christian D"]
[Black "Robledo, Nestor Daniel"]
[Result "1-0"]
[WhiteElo "2373"]
[BlackElo "2321"]
[PlyCount "125"]
[EventDate "2001.10.12"]
[EventType "tourn"]
[EventRounds "9"]
[EventCountry "ARG"]
[SourceTitle "CBM 085 Extra"]
[Source "ChessBase"]
[SourceDate "2002.01.21"]
[SourceVersion "1"]
[SourceVersionDate "2002.01.21"]
[SourceQuality "1"]

1. d4 Nf6 2. Nf3 c5 3. d5 d6 4. c4 e6 5. Nc3 exd5 6. cxd5 g6 7. e4 a6 8. a4 Bg4 9. Qb3 Bxf3 10. gxf3 Qc7 11. Bg5 Nbd7 12. Be2 Bg7 13. 0-0 0-0 14. f4 Rfe8 15. Qc2 c4 16. Rad1 Rab8 17. Bf3 b5 18. axb5 axb5 19. Rfe1 b4 20. Na4 Qa5 21. b3 c3 22. Ra1 Qb5 23. Rad1 Rbc8 24. Kg2 Qb8 25. h3 Qc7 26. Rd4 Qa5 27. Rdd1 h6 28. Bh4 Qa7 29. Bg3 Nh7 30. h4 h5 31. e5 dxe5 32. f5 Nhf8 33. d6 Qa5 34. Bd5 Nf6 35. Bb7 Rb8 36. Bc6 Red8 37. Bxe5 Ng4 38. Bg3 gxf5 39. Bd5 Nh6 40. Re7 Ng6 41. Rc7 Rb5 42. Bc4 Qa8+ 43. Kg1 Ra5 44. d7 Be5 45. Rc8 Rxa4 46. Rxa8 Raxa8 47. Bxe5 Nxe5 48. Bb5 Nf3+ 49. Kh1 Rab8 50. Bc6 Ne5 51. Ba4 Rb6 52. Qe2 Re6 53. Qxh5 Neg4 54. Qg5+ Kh7 55. Qxd8 Nxf2+ 56. Kg2 Nxd1 57. Qc7 Re2+ 58. Kf1 Rd2 59. d8Q Ne3+ 60. Kg1 Rg2+ 61. Kh1 c2 62. Qd3 Rf2 63. Qxe3 1-0

[Event "Buenos Aires Clas Abierto op"]
[Site "Buenos Aires"]
[Date "2000.08.19"]
[Round "1"]
[White "Robledo, Nestor Daniel"]
[Black "Benko, Francisco"]
[Result "1-0"]
[WhiteElo "2321"]
[BlackElo "2144"]
[PlyCount "118"]
[EventDate "2000.08.19"]
[EventType "swiss"]
[EventRounds "9"]
[EventCountry "ARG"]
[SourceTitle "EXT 2001"]
[Source "ChessBase"]
[SourceDate "2000.11.22"]
[SourceVersion "1"]
[SourceVersionDate "2000.11.22"]
[SourceQuality "1"]

1. d4 Nf6 2. Nf3 e6 3. c4 d5 4. Nc3 c5 5. cxd5 cxd4 6. Qa4+ Bd7 7. Qxd4 exd5 8. e3 Nc6 9. Qd1 Bb4 10. Bd2 0-0 11. Be2 Re8 12. 0-0 Bf5 13. a3 Bf8 14. Nb5 Ne4 15. Nbd4 Nxd2 16. Qxd2 Be4 17. Rac1 Qf6 18. Rc3 Bd6 19. Rfc1 Nxd4 20. Nxd4 Qh6 21. g3 Rad8 22. Bf1 Be5 23. Rb3 Qf6 24. f4 Bxd4 25. Qxd4 Qxd4 26. exd4 Re7 27. Kf2 g6 28. Rbc3 Rd6 29. Rc8+ Kg7 30. Ra8 a6 31. g4 h6 32. Rcc8 g5 33. Rg8+ Kf6 34. f5 Rc6 35. Rh8 Rc2+ 36. Kg3 Rec7 37. Rxh6+ Ke7 38. Rb6 R2c6 39. Rxc6 Rxc6 40. Rb8 Rc7 41. h4 gxh4+ 42. Kxh4 Kf6 43. Bh3 Kg7 44. g5 Rc4 45. f6+ Kh7 46. Rxb7 Bg6 47. Rb4 Rc2 48. Bg4 Rg2 49. Bf3 Rd2 50. Bxd5 a5 51. Ra4 Rxb2 52. Rxa5 Rd2 53. Ra4 Rd3 54. Kg4 Rd2 55. Rb4 Bd3 56. Bxf7 Rg2+ 57. Kf4 Bg6 58. Bd5 Rf2+ 59. Kg3 Rf5 1-0

[Event "Buenos Aires op"]
[Site "Buenos Aires"]
[Date "1999.??.??"]
[Round "3"]
[White "Robledo, Nestor Daniel"]
[Black "Hoffman, Alejandro"]
[Result "0-1"]
[WhiteElo "2301"]
[BlackElo "2547"]
[PlyCount "104"]
[EventDate "1999.??.??"]
[EventType "swiss"]
[EventRounds "9"]
[EventCountry "ARG"]
[SourceTitle "EXT 2001"]
[Source "ChessBase"]
[SourceDate "2000.11.22"]
[SourceVersion "1"]
[SourceVersionDate "2000.11.22"]
[SourceQuality "1"]

1. Nf3 g6 2. e4 Bg7 3. d4 c5 4. c4 cxd4 5. Nxd4 Nc6 6. Be3 Nf6 7. Nc3 0-0 8. Be2 d6 9. 0-0 Nxd4 10. Bxd4 Bd7 11. Qd2 Bc6 12. f3 a5 13. b3 Nd7 14. Be3 Nc5 15. Rab1 Qb6 16. Rfc1 Rfc8 17. Rc2 h5 18. Bf1 Kh7 19. a3 Nxb3 20. Qf2 Qxe3 21. Qxe3 Bd4 22. Qxd4 Nxd4 23. Rcb2 Ne6 24. Kf2 Nc5 25. Ke3 Kg7 26. Rd2 Rf8 27. Ne2 Rac8 28. Nd4 Rc7 29. Be2 Bd7 30. g3 h4 31. g4 g5 32. Nb3 Nxb3 33. Rxb3 Kf6 34. Rb6 Bc6 35. Rb1 Rfc8 36. Rdb2 e6 37. Rd2 Ke5 38. Rbd1 Rd7 39. Rd4 Ba4 40. Rb1 Rc5 41. Bd3 Bc6 42. Rb6 Kf6 43. Be2 Ke7 44. Rd2 Kd8 45. Rb1 Kc7 46. Bd3 Rd8 47. Be2 f5 48. gxf5 exf5 49. Rg1 Rf8 50. Bd3 Re5 51. Rdg2 fxe4 52. fxe4 Bxe4 0-1

[Event "Buenos Aires op"]
[Site "Buenos Aires"]
[Date "1999.??.??"]
[Round "9"]
[White "Zarnicki, Pablo Adrian"]
[Black "Robledo, Nestor Daniel"]
[Result "1-0"]
[WhiteElo "2497"]
[BlackElo "2301"]
[PlyCount "43"]
[EventDate "1999.??.??"]
[EventType "swiss"]
[EventRounds "9"]
[EventCountry "ARG"]
[SourceTitle "EXT 2001"]
[Source "ChessBase"]
[SourceDate "2000.11.22"]
[SourceVersion "1"]
[SourceVersionDate "2000.11.22"]
[SourceQuality "1"]

1. e4 c5 2. Nf3 Nc6 3. Bb5 g6 4. 0-0 Bg7 5. Nc3 Nd4 6. Nxd4 cxd4 7. Ne2 e6 8. c3 a6 9. Ba4 dxc3 10. bxc3 Ne7 11. Ba3 b5 12. Bb3 d6 13. d4 0-0 14. f4 Bb7 15. Ng3 Rc8 16. Rc1 Re8 17. f5 exf5 18. exf5 Nd5 19. fxg6 hxg6 20. Qf3 Rxc3 21. Rxc3 Bxd4+ 22. Kh1 1-0

[Event "ARG-ch U26"]
[Site "Argentina"]
[Date "1997.??.??"]
[Round "?"]
[White "Hobaica, Juan Pablo"]
[Black "Robledo, Nestor Daniel"]
[Result "1/2-1/2"]
[WhiteElo "2270"]
[BlackElo "2280"]
[PlyCount "90"]
[EventDate "1997.??.??"]
[EventType "swiss"]
[EventRounds "9"]
[EventCountry "ARG"]
[SourceTitle "EXT 2001"]
[Source "ChessBase"]
[SourceDate "2000.11.22"]
[SourceVersion "1"]
[SourceVersionDate "2000.11.22"]
[SourceQuality "1"]

1. e4 c5 2. Nf3 Nc6 3. d4 cxd4 4. Nxd4 g6 5. c4 Nf6 6. Nc3 d6 7. Be2 Nxd4 8. Qxd4 Bg7 9. Be3 0-0 10. Qd2 Be6 11. 0-0 a6 12. f3 Qa5 13. Rab1 Rfc8 14. b4 Qd8 15. Nd5 Nd7 16. Bd4 Bxd5 17. exd5 Bxd4+ 18. Qxd4 Qb6 19. Qxb6 Nxb6 20. Rfc1 Rc7 21. c5 Nxd5 22. cxd6 Rxc1+ 23. Rxc1 exd6 24. Kf2 Rd8 25. a3 Kf8 26. g3 Ke7 27. f4 Nf6 28. Bf3 d5 29. Ke3 Kd6 30. Kd4 Re8 31. g4 Ne4 32. g5 f5 33. h4 Ng3 34. Rc5 Ne2+ 35. Bxe2 Rxe2 36. Rxd5+ Ke6 37. Rc5 Re4+ 38. Kd3 Rxf4 39. Rc7 Rxh4 40. Rxb7 Kd5 41. Rd7+ Ke5 42. Rf7 Rh3+ 43. Ke2 Rxa3 44. Rxh7 Kf4 45. Ra7 Ra4 1/2-1/2

[Event "Itapiruba masters"]
[Site "Itapiruba"]
[Date "1997.??.??"]
[Round "?"]
[White "Mendez, Ernesto"]
[Black "Robledo, Nestor Daniel"]
[Result "1-0"]
[WhiteElo "2390"]
[BlackElo "2280"]
[PlyCount "77"]
[EventDate "1997.??.??"]
[EventType "tourn"]
[EventRounds "9"]
[EventCountry "BRA"]
[SourceTitle "EXT 2003"]
[Source "ChessBase"]
[SourceDate "2002.11.25"]
[SourceVersion "1"]
[SourceVersionDate "2002.11.25"]
[SourceQuality "1"]

1. d4 Nf6 2. Nf3 g6 3. c4 Bg7 4. Nc3 0-0 5. Bg5 d6 6. e4 h6 7. Bh4 Nbd7 8. Be2 g5 9. Bg3 Nh5 10. 0-0 e6 11. Rc1 Nf4 12. Bxf4 gxf4 13. Qd2 e5 14. dxe5 dxe5 15. Rfd1 c6 16. b4 Qe7 17. c5 Re8 18. Qb2 Nf8 19. Nb1 f5 20. Nbd2 Nh7 21. Qc2 Ng5 22. Nxg5 Qxg5 23. Bd3 Rf8 24. exf5 Bxf5 25. Bxf5 Rxf5 26. Ne4 Qe7 27. Rd3 f3 28. g3 Raf8 29. Rcd1 R5f7 30. Qb3 Kh8 31. Re3 Rf5 32. Rdd3 Qf7 33. Nd6 Qxb3 34. Rxb3 R5f6 35. Nxb7 h5 36. Rxe5 R6f7 37. Rxh5+ Kg8 38. Nd6 Re7 39. Re3 1-0

[Event "Buenos Aires op"]
[Site "Buenos Aires"]
[Date "1997.??.??"]
[Round "7"]
[White "Robledo, Nestor Daniel"]
[Black "Cativelli, Gerardo"]
[Result "1-0"]
[WhiteElo "2280"]
[BlackElo "2265"]
[PlyCount "71"]
[EventDate "1997.11.??"]
[EventType "tourn"]
[EventRounds "9"]
[EventCountry "ARG"]
[SourceTitle "EXT 1998"]
[Source "ChessBase"]
[SourceDate "1997.11.17"]
[SourceVersion "1"]
[SourceVersionDate "1997.11.17"]
[SourceQuality "1"]

1. d4 Nf6 2. Nf3 e6 3. c4 b6 4. a3 Bb7 5. Nc3 d5 6. Bg5 Be7 7. Qa4+ c6 8. Bxf6 Bxf6 9. cxd5 exd5 10. g3 0-0 11. Bg2 Re8 12. 0-0 Nd7 13. Rfd1 Qe7 14. e3 Red8 15. Rac1 g6 16. Ne1 h5 17. Nd3 h4 18. Qc2 hxg3 19. hxg3 Nf8 20. b4 Ne6 21. Qb3 Nc7 22. a4 Bg5 23. Re1 Rac8 24. Rcd1 Qf8 25. Ne5 Bf6 26. Nd3 Bg5 27. Bf3 Rb8 28. Kg2 Rbc8 29. e4 Ne6 30. Ne5 dxe4 31. Nxe4 Qg7 32. Bg4 Nxd4 33. Rxd4 Qxe5 34. Bxc8 Rxc8 35. Rd7 Rc7 36. Qxf7+ 1-0

[Event "Itapiruba masters"]
[Site "Itapiruba"]
[Date "1997.??.??"]
[Round "?"]
[White "Robledo, Nestor Daniel"]
[Black "Miranda, Marcio MC"]
[Result "1-0"]
[WhiteElo "2280"]
[BlackElo "2305"]
[PlyCount "81"]
[EventDate "1997.??.??"]
[EventType "tourn"]
[EventRounds "9"]
[EventCountry "BRA"]
[SourceTitle "EXT 2003"]
[Source "ChessBase"]
[SourceDate "2002.11.25"]
[SourceVersion "1"]
[SourceVersionDate "2002.11.25"]
[SourceQuality "1"]

1. Nf3 Nf6 2. c4 e6 3. b3 d5 4. Bb2 Be7 5. g3 0-0 6. Bg2 c5 7. cxd5 exd5 8. d4 Nc6 9. 0-0 Bf5 10. Nc3 Rc8 11. Rc1 b6 12. Na4 Ne4 13. dxc5 bxc5 14. Nd2 Nd4 15. Nxe4 dxe4 16. Nc3 Qa5 17. e3 Nc6 18. Qd5 Bg6 19. Bxe4 Rfd8 20. Qc4 Ne5 21. Qe2 Rd2 22. Qxd2 Bxe4 23. f4 Nf3+ 24. Rxf3 Bxf3 25. Qd7 Rc7 26. Qe8+ Bf8 27. Kf2 Bc6 28. Qd8 c4 29. g4 h5 30. Ne2 hxg4 31. Be5 Qxa2 32. Qxc7 Bd5 33. bxc4 Bf3 34. Re1 Qc2 35. Qc8 Qh7 36. f5 Qh3 37. Rg1 Bxe2 38. Kxe2 Qf3+ 39. Kd3 Kh7 40. Qxf8 Qxf5+ 41. Kd4 1-0